Normal view
MARC view
- Arshad, Shahida
Entry Personal Name
001 - CONTROL NUMBER
- control field: 14488
003 - CONTROL NUMBER IDENTIFIER
- control field: NUST
005 - DATE AND TIME OF LATEST TRANSACTION
- control field: 20190522075510.0
008 - FIXED-LENGTH DATA ELEMENTS
- fixed length control field: 190522|| aca||aabn | a|a d
040 ## - CATALOGING SOURCE
- Original cataloging agency: NUST
- Transcribing agency: NUST
100 ## - HEADING--PERSONAL NAME
- Personal name: Arshad, Shahida
670 ## - SOURCE DATA FOUND
- Source citation: Work cat.: (NUST): Arshad, Shahida, Ikhlaqiaat Kay Panch Nazerian /, 1989.
